000 00366nam a2200145Ia 4500
008 230917s9999||||xx |||||||||||||| ||und||
040 _e209660
_aMAIN
041 _aEnglish
082 _a576 S59R
100 _aSantos, Dana M
245 0 _aRecent advances in microbiology
260 _aNew York
_bApple Academic Press
_c2012
300 _axx, 272 p.
942 _cBK
999 _c176546
_d176546